Základy historické demografie

Hlavní autor: Maur, Eduard, 1937-
Jazyk: Čeština
Vydáno: Praha, 1978
Knihy
Uloženo v:
LEADER 00483nam a22001692a 4500
001 000091350
003 CZ BrMZK
005 19950101143423.0
007 ta
008 950101s1978 xr f cze d
040 |a BOA001  |b cze 
100 1 |a Maur, Eduard,  |d 1937-  |7 jk01080912 
245 1 0 |a Základy historické demografie 
260 |a Praha,  |c 1978 
910 |a BOA001  |b 4-0804.698 
990 |a BK 
996 7 |b 2619983167  |c 4-0804.698  |l MZK  |r Sklad / do 1 hodiny  |n 66  |w 000091350  |u 000010  |a 1  |e BOA001  |j MZK50  |s A